00768nam a22002177a 450000500170000001000150001702000270003203500140005903700130007308200100008610000190009624500880011525000120020326000380021527000620025330000270031550000390034294200250038199900190040695201250042520180905143338.0 aENG-124110 a9788178243979c1095.00 aEN-107642 bDBAD/PUB a954.0 aThapar, Romila aThe past before us:cby Romila Thaparbhistorical traditions of early north india / a3rd ed. aRanikhet bPermanent Black c2016 aHimalayana, Mall Road, Ranikhet Cantt. bRanikhete263645v axvii,758p. c21cm(pbk) aIt includes bibliography and index 2ddccENm954.01hTHA c156983d156983 001040718NFICaDBADbBNd2018-09-05eDBAD/PUBg1095.00l0oTHA 954.01pEN-107642r2018-09-05 00:00:00t1v1095.00yEN